Most Populous Cities in the Lower Midwest - Statistics

General Stats
  • This quiz has been taken 567 times
  • The average score is 18 of 25
Answer Stats
State Population City % Correct
Texas 1,223,229 Dallas
100%
Texas 2,145,146 Houston
100%
Oklahoma 591,967 Oklahoma City
98%
Texas 820,611 Austin
97%
Texas 1,359,758 San Antonio
96%
Missouri 463,202 Kansas City
95%
Texas 665,568 El Paso
91%
Missouri 318,069 St Louis
91%
Nebraska 415,068 Omaha
90%
Texas 758,738 Fort Worth
88%
Nebraska 262,341 Lincoln
86%
Oklahoma 396,466 Tulsa
84%
Kansas 384,445 Wichita
82%
Texas 307,953 Corpus Christi
73%
Texas 373,698 Arlington
64%
Texas 193,675 Amarillo
60%
Texas 233,740 Lubbock
60%
Texas 269,776 Plano
51%
Texas 178,430 Brownsville
47%
Texas 241,935 Laredo
44%
Missouri 160,660 Springfield
44%
Kansas 176,185 Overland Park
37%
Texas 220,702 Irving
32%
Texas 231,517 Garland
29%
Texas 179,100 Grand Prairie
15%
No matching quizzes found
Score Distribution
Percent of People with Each Score
Percentile by Number Answered
Your Score History
You have not taken this quiz